[Event "XIII TCh-RUS"]
[Site "Sochi RUS"]
[Date "2006.04.20"]
[Round "1"]
[White "Morozevich,A"]
[Black "Moiseenko,A1"]
[Result "1-0"]
[WhiteElo "2730"]
[BlackElo "2662"]

1.e4 e5 2.Nf3 Nf6 3.Nxe5 d6 4.Nf3 Nxe4 5.d4 d5 6.Bd3 Bd6 7.O-O O-O 8.Re1 Re8
9.c4 c6 10.Nc3 Nxc3 11.bxc3 Rxe1+ 12.Qxe1 h6 13.Ne5 Be6 14.c5 Bc7 15.f4 Qc8
16.Rb1 b5 17.Rb2 Bxe5 18.fxe5 Bf5 19.Bf1 Nd7 20.Qg3 Bg6 21.Rf2 Nf8 22.Be2 a5
23.Bxh6 gxh6 24.h4 Qd8 25.Rf6 Kh8 26.Qf4 Nh7 27.Rxc6 b4 28.cxb4 axb4 29.Bf3 Rxa2
30.Rd6 Qg8 31.Bxd5 Ra1+ 32.Kh2 Re1 33.c6 b3 34.c7 b2 35.Ba2 Rc1 36.Rd8 Rxc7
37.Rxg8+ Kxg8 38.e6 Rb7 39.Qe5 fxe6 40.Qxe6+ Kg7 41.Qg8+ Kf6 42.Qh8+ Rg7
43.Qd8+  1-0

[Event "XIII TCh-RUS"]
[Site "Sochi RUS"]
[Date "2006.04.21"]
[Round "2"]
[White "Morozevich,A"]
[Black "Volokitin,And"]
[Result "1-0"]
[WhiteElo "2730"]
[BlackElo "2660"]

1.e4 c5 2.Nf3 e6 3.Nc3 Nc6 4.d4 cxd4 5.Nxd4 a6 6.Nxc6 bxc6 7.Bd3 d5 8.Qe2 Nf6
9.O-O Be7 10.Na4 O-O 11.c4 Re8 12.e5 Nd7 13.Bf4 Nb6 14.Nc3 Nxc4 15.Bxc4 dxc4
16.Rad1 Qb6 17.Ne4 c5 18.Qg4 Kh8 19.Rfe1 Qxb2 20.Bg5 Ra7 21.Bxe7 Raxe7 22.Qh4 f6
23.exf6 gxf6 24.Rd2 Qe5 25.f4 Qf5 26.Nd6 Qg6 27.f5 Qg7 28.fxe6 c3 29.Rde2 Bb7
30.Nxe8 Rxe8 31.Qh3 Qg5 32.e7 c4 33.Qd7 Qc5+ 34.Rf2 Qb5 35.Qd4 Qc6 36.Qxc3 Kg7
37.Qg3+ Kf7 38.Qh4 Kg7 39.Re3 Qb6 40.Rg3+  1-0

[Event "XIII TCh-RUS"]
[Site "Sochi RUS"]
[Date "2006.04.22"]
[Round "3"]
[White "Movsesian,S"]
[Black "Morozevich,A"]
[Result "1-0"]
[WhiteElo "2618"]
[BlackElo "2730"]

1.e4 c5 2.Nf3 d6 3.d4 cxd4 4.Nxd4 Nf6 5.Nc3 Nc6 6.g3 g6 7.Nde2 Bg7 8.Bg2 O-O
9.O-O Bg4 10.h3 Bxe2 11.Nxe2 Nd7 12.Rb1 Rb8 13.a4 b5 14.axb5 Rxb5 15.b3 a5
16.Be3 Qb8 17.e5 Rc8 18.Bxc6 Rxc6 19.Nd4 Nxe5 20.c4 Rbb6 21.Nxc6 Rxc6 22.Bd4 Qc8
23.Kg2 Qb7 24.Bxe5 Bxe5 25.Qf3 Qc8 26.Rfd1 Qa6 27.Rd2 Qb6 28.Qe4 e6 29.Rbd1 Kg7
30.Rd3 Qc7 31.Qf3 Rb6 32.R1d2 Rc6 33.Ra2 Rc5 34.Qe4 Qb8 35.Qe3 Qb7+ 36.Kh2 Qb8
37.Rad2 Rc6 38.h4 h5 39.Qe4 Rb6 40.Qf3 Rb4 41.Ra2 Qb6 42.Qe3 Qc7 43.Kg1 Kg8
44.Qf3 Qa7 45.Qc6 Kg7 46.Ra4 Rb6 47.Qf3 Ra6 48.Qe3 Qc7 49.Qd2 Qa7 50.Qa2 Qa8
51.b4 Qe4 52.Re3 Qd4 53.Qc2 Rc6 54.bxa5 Qa7 55.Qe4 Ra6 56.Rea3 Bd4 57.Ra2 Bc5
58.Qf3 Qd7 59.Kg2 e5 60.Qe4 Qe8 61.Kg1 Qd7 62.Kh2 Qe8 63.Qb7 Ra7 64.a6 e4
65.Qb2+ Kh7 66.Qe2 f5 67.Ra5 f4 68.Rb5 f3 69.Qb2 e3 70.Rb7+ Rxb7 71.Qxb7+ Kh6
72.Qxf3 exf2 73.Re2 Qb8 74.Kg2 d5 75.Qxd5 Qf8 76.Kf1 Qc8 77.Re6 Kh7 78.Qb7+  1-0

[Event "XIII TCh-RUS"]
[Site "Sochi RUS"]
[Date "2006.04.23"]
[Round "4"]
[White "Morozevich,A"]
[Black "Naiditsch,A"]
[Result "1-0"]
[WhiteElo "2730"]
[BlackElo "2664"]

1.e4 e5 2.Nf3 Nc6 3.Bb5 Nf6 4.d3 Bc5 5.Bxc6 dxc6 6.h3 Bd6 7.Nbd2 c5 8.Nc4 Nd7
9.O-O O-O 10.Bd2 Re8 11.a3 Nb8 12.b4 Nc6 13.c3 b5 14.Bg5 f6 15.Nxd6 cxd6
16.Be3 cxb4 17.axb4 d5 18.Bc5 a5 19.bxa5 dxe4 20.dxe4 Qxd1 21.Rfxd1 Rxa5
22.Rab1 Kf7 23.Nd2 Be6 24.Nf1 Nb8 25.Ne3 Na6 26.Bb6 Ra3 27.Nd5 Bxd5 28.exd5 Nb8
29.Rxb5 Rxc3 30.Ra1 Rcc8 31.Ra8 h5 32.Ba5 Kg6 33.Rb7 Rg8 34.Kh2 Kf5 35.Bb4 Rcd8
36.Be7 Rxd5 37.Raxb8 Rxb8 38.Rxb8 Rd7 39.Bc5 h4 40.Rb4 g5 41.Rb6 Rc7 42.Bb4 Ra7
43.Rd6 Ra2 44.Bc5 Kg6 45.Be3 Rb2 46.Rc6 Ra2 47.Kg1 Ra1+ 48.Bc1 Kf5 49.Kf1 Ra2
50.Ke1 Ra1 51.Ke2 Ra2+ 52.Kf3 Kg6 53.Rd6 Kf5 54.Bd2 Ra3+ 55.Ke2 Ra1 56.Be1 Ra2+
57.Rd2 Ra8 58.Rb2 Ra7 59.Rb3 Ra8 60.g4+ hxg3 61.fxg3 Rh8 62.g4+ Kg6 63.Kf2 Ra8
64.Kg2 Ra2+ 65.Bf2 Rc2 66.Rb7 Ra2 67.Kf3 Ra3+ 68.Be3 Rc3 69.Ke4 Rc4+ 70.Kf3 Rc3
71.Rb4 Rc8 72.Rb1 Rc2 73.Rc1 Rh2 74.Kg3 Rb2 75.Rc3 Re2 76.Bc1 Re4 77.Ba3 Ra4
78.Kf3 Rf4+ 79.Ke3 Ra4 80.Kd3 Rd4+ 81.Kc2 Ra4 82.Kb3 Rf4 83.Bc1 Rd4 84.Be3 Re4
85.Kc2 Ra4 86.Kd3 Rb4 87.Ra3 Kf7 88.Ra6 Rb1 89.Ra7+ Ke6 90.Kc4 Re1 91.Ra6+ Kf7
92.Bc5 Rh1 93.Ra7+ Kg6 94.Bf8 Rxh3 95.Rg7+ Kh6 96.Kd5 Rg3 97.Ke6 Rxg4 98.Rg8+ Kh7
99.Kf7 Rc4 100.Be7 g4 101.Ra8 f5 102.Bf6 Rc7+ 103.Ke6 Kg6 104.Rg8+ Kh7 105.Rg5 e4
106.Be5 Kh6 107.Rg8 Rc2 108.Kf6 Kh7 109.Kf7 Kh6 110.Bf4+ Kh7 111.Rg7+ Kh8
112.Be5  1-0

[Event "XIII TCh-RUS"]
[Site "Sochi RUS"]
[Date "2006.04.27"]
[Round "8"]
[White "Erenburg,S"]
[Black "Morozevich,A"]
[Result "0-1"]
[WhiteElo "2554"]
[BlackElo "2730"]

1.e4 c5 2.Nf3 e6 3.d4 cxd4 4.Nxd4 Nc6 5.Nc3 Qc7 6.Be3 a6 7.Qd2 Nf6 8.O-O-O Be7
9.f3 O-O 10.g4 Ne8 11.f4 Nxd4 12.Bxd4 b5 13.e5 Bb7 14.Bg2 Rc8 15.Kb1 f5 16.Rhg1 fxg4
17.Bxb7 Qxb7 18.Rxg4 b4 19.Ne2 g6 20.Rdg1 Ng7 21.Qd3 Qb5 22.Rxg6 hxg6 23.Qxg6 Rf7
24.Ng3 Rxf4 25.b3 Rxd4 26.Nh5 Qxe5 27.Nxg7 Rd1+ 28.Rxd1 Qxg7 29.Qd3 Bf8 30.Qe4 Rc5
31.h4 Rf5 32.Qb7 Qf6 33.Qa8 d5 34.Rg1+ Kh7 35.Qxa6 Bg7  0-1

[Event "XIII TCh-RUS"]
[Site "Sochi RUS"]
[Date "2006.04.28"]
[Round "9"]
[White "Morozevich,A"]
[Black "Grischuk,A"]
[Result "1/2-1/2"]
[WhiteElo "2730"]
[BlackElo "2719"]

1.e4 e5 2.Nf3 Nc6 3.Bb5 a6 4.Ba4 Nf6 5.O-O Be7 6.Re1 b5 7.Bb3 O-O 8.h3 Bb7
9.d3 d6 10.a3 Qd7 11.Nc3 Nd8 12.Ne2 Ne6 13.Ng3 Rfe8 14.c3 c5 15.d4 exd4 16.cxd4 d5
17.e5 Ne4 18.Nf5 Bf8 19.Be3 a5 20.Bc2 Rad8 21.dxc5 N6xc5 22.N5d4 b4 23.axb4 axb4
24.Ne2 Qc7 25.Rc1 Qb8 26.Ned4 Rc8 27.h4 h6 28.Nf5 Rcd8 29.Bd4 b3 30.Bb1 Bc8
31.Nd6 Bxd6 32.exd6 Qxd6 33.Ne5 f6 34.Ng6 Ne6 35.Be3 f5 36.Qxb3 Kh7 37.f3 Kxg6
38.fxe4 dxe4 39.Qb5 Nd4 40.Qf1 Qf6 41.Qf2 Nc6 42.Bb6 Rd6 43.Bc7 Rd7 44.Bxe4 Rxe4
45.Rxe4 fxe4 46.Qxf6+ gxf6 47.Rxc6 e3 48.Ba5 Rd1+ 49.Kh2 Bd7 50.Rc2 Kf5 51.Kg3 Ke4
52.Rc4+ Kd5 53.Rc7 Ke4 54.Rc4+ Kd5 55.Rc7 Ke4 56.Rc4+ Kd5  1/2-1/2

[Event "XIII TCh-RUS"]
[Site "Sochi RUS"]
[Date "2006.04.29"]
[Round "10"]
[White "Morozevich,A"]
[Black "Timofeev,Arty"]
[Result "1/2-1/2"]
[WhiteElo "2730"]
[BlackElo "2646"]

1.e4 c5 2.Nf3 d6 3.d4 cxd4 4.Nxd4 Nf6 5.Nc3 Nc6 6.Bg5 e6 7.Qd2 a6 8.O-O-O Bd7
9.f4 h6 10.Bxf6 Qxf6 11.Nf3 Qd8 12.Kb1 Be7 13.e5 dxe5 14.fxe5 Qc7 15.Ne4 O-O
16.Nf6+ gxf6 17.Qxh6 Nxe5 18.Nxe5 Qxe5 19.Rxd7 Rfe8 20.g4 Bf8 21.Qh4 Qe4
22.Rg1 Qe3 23.Qg3 Bc5 24.Qxe3 Bxe3 25.Rg3 Rad8 26.Rxd8 Rxd8 27.Bd3 Bf4 28.Rh3 Rd5
29.a4 Rg5 30.Be2 Re5 31.Bd3 Rg5 32.Be2 Re5 33.Bd3 a5 34.Ka2 b6 35.Kb3 Rg5
36.Rh4 Bd2 37.h3 Be1 38.Rh6 f5 39.Rh5 Rxh5 40.gxh5 Kg7 41.Kc4 Kh6 42.Be2 Bf2
43.c3 f4 44.b4 axb4 45.cxb4 f5 46.a5 bxa5 47.bxa5 Ba7 48.Bf3 e5 49.Kd5 e4
50.Bxe4 fxe4 51.Kxe4 Kxh5 52.Kxf4 Kh4 53.Ke4  1/2-1/2

[Event "XIII TCh-RUS"]
[Site "Sochi RUS"]
[Date "2006.04.30"]
[Round "11"]
[White "Rychagov,A"]
[Black "Morozevich,A"]
[Result "1/2-1/2"]
[WhiteElo "2542"]
[BlackElo "2730"]

1.d4 Nf6 2.c4 g6 3.Nc3 Bg7 4.e4 d6 5.Nf3 O-O 6.Be2 Na6 7.O-O e5 8.Be3 c6
9.dxe5 dxe5 10.a3 Ng4 11.Bg5 f6 12.Bd2 Nh6 13.b4 Nf7 14.c5 Nc7 15.Be3 f5
16.Qxd8 Rxd8 17.Ng5 Nxg5 18.Bxg5 Rd4 19.Be3 Be6 20.Rac1 Rd7 21.f3 a6 22.Rfd1 Rxd1+
23.Rxd1 Nb5 24.Nxb5 axb5 25.Bc1 Kf7 26.Kf2 Bf6 27.Bb2 f4 28.g4 fxg3+ 29.hxg3 h5
30.Rh1 Bb3 31.Bd1 Bc4 32.Be2 Rd8 33.Rd1 Rxd1 34.Bxd1 Ke6 35.Be2 Bxe2 36.Kxe2 Bd8
37.Bc3 b6 38.cxb6 Bxb6 39.f4 exf4 40.gxf4 c5 41.bxc5 Bxc5 42.Bb4 Bd4 43.Kf3 Bb2
44.Kg3 Kf6 45.Bd6 Bc1 46.Kf3 g5 47.f5 Bb2 48.Kg3 Bc1  1/2-1/2

[Event "10th Petr Izmailov Mem"]
[Site "Tomsk RUS"]
[Date "2006.07.12"]
[Round "2"]
[White "Karjakin,Sergey"]
[Black "Morozevich,A"]
[Result "1-0"]
[WhiteElo "2679"]
[BlackElo "2731"]

1.e4 e6 2.d4 d5 3.Nc3 Nf6 4.e5 Nfd7 5.f4 c5 6.Nf3 Nc6 7.Be3 cxd4 8.Nxd4 Bc5
9.Qd2 O-O 10.O-O-O a6 11.Qf2 Qe7 12.Bd3 f6 13.exf6 Nxf6 14.Rhe1 Bb4 15.Qh4 Bxc3
16.bxc3 Qa3+ 17.Kb1 Qxc3 18.Nb3 Ne4 19.Bxe4 dxe4 20.Bc5 Re8 21.Rxe4 Qf6 22.Qh5 Qf7
23.Qxf7+ Kxf7 24.Bb6 Kg8 25.g4 e5 26.fxe5 Be6 27.Nc5 Rac8 28.Kb2 Re7 29.Rd6 Rce8
30.Nxe6 Rxe6 31.Rxe6 Rxe6 32.Bc7 Kf7 33.h4 Re8 34.c4 Ke6 35.Bd6 b6 36.Kc3 Rc8
37.Kd3 b5 38.cxb5 axb5 39.Re2 Kd5 40.Rb2 Na7 41.Rb4 Rc1 42.Bb8 Kc5 43.Rb2 Nc6
44.Bd6+ Kb6 45.Re2 Rd1+ 46.Ke4 g6 47.h5 Nd4 48.Rf2 Nc6 49.Rf7 Rd4+ 50.Ke3 gxh5
51.gxh5 Rh4 52.Rxh7 Nd4 53.Rf7 Kc6 54.h6 Ne6 55.h7 Kd5 56.Be7 Rh3+ 57.Kf2 Nd4
58.Bf6  1-0

[Event "10th Petr Izmailov Mem"]
[Site "Tomsk RUS"]
[Date "2006.07.13"]
[Round "3"]
[White "Morozevich,A"]
[Black "Kasimdzhanov,R"]
[Result "1-0"]
[WhiteElo "2731"]
[BlackElo "2672"]

1.e4 e5 2.Nf3 Nc6 3.Bb5 a6 4.Ba4 Nf6 5.d3 b5 6.Bb3 Bc5 7.Nc3 d6 8.Nd5 h6
9.c3 Be6 10.Be3 O-O 11.O-O Bxd5 12.exd5 Bxe3 13.fxe3 Ne7 14.e4 Ng6 15.Qd2 Nd7
16.Kh1 Qb8 17.Bc2 Qb6 18.a4 bxa4 19.Rxa4 a5 20.d4 Rfe8 21.b3 Nf6 22.dxe5 Nxe5
23.Nd4 Nfd7 24.Nf5  1-0

[Event "10th Petr Izmailov Mem"]
[Site "Tomsk RUS"]
[Date "2006.07.13"]
[Round "5"]
[White "Morozevich,A"]
[Black "Bologan,V"]
[Result "1/2-1/2"]
[WhiteElo "2731"]
[BlackElo "2645"]

1.e4 c6 2.d4 d5 3.e5 Bf5 4.Nf3 e6 5.Be2 Ne7 6.Nbd2 c5 7.dxc5 Nec6 8.Nb3 Bxc5
9.Nxc5 Qa5+ 10.c3 Qxc5 11.Qb3 Qb6 12.Qxb6 axb6 13.Be3 Nd7 14.Nd4 Bg6 15.f4 Nxd4
16.Bxd4 Nc5 17.Kd2 Ke7 18.Ke3 Rhc8 19.Rhc1 Be4 20.g3 f5 21.exf6+ gxf6 22.c4 Kd7
23.b3 dxc4  1/2-1/2

[Event "10th Petr Izmailov Mem"]
[Site "Tomsk RUS"]
[Date "2006.07.15"]
[Round "7"]
[White "Morozevich,A"]
[Black "Karjakin,Sergey"]
[Result "1-0"]
[WhiteElo "2731"]
[BlackElo "2679"]

1.e4 c5 2.Nf3 d6 3.c3 Nf6 4.Be2 Bg4 5.O-O e6 6.h3 Bh5 7.d4 Nxe4 8.d5 Nf6
9.dxe6 fxe6 10.Ng5 Bxe2 11.Qxe2 e5 12.f4 e4 13.f5 Nc6 14.Ne6 Qd7 15.Bg5 d5
16.Bxf6 gxf6 17.Na3 Ne5 18.Rad1 Rc8 19.Nf4 d4 20.Qxe4 Kf7 21.Ne6 Qc6 22.Qe2 h5
23.Nc4 Bd6 24.Nxd6+ Qxd6 25.cxd4 cxd4 26.Rxd4 Qa6 27.Qd1 Qc6 28.Rd6 Qb5 29.a4 Qb4
30.Qd5 Qc4 31.Qxb7+  1-0

[Event "10th Petr Izmailov Mem"]
[Site "Tomsk RUS"]
[Date "2006.07.15"]
[Round "8"]
[White "Kasimdzhanov,R"]
[Black "Morozevich,A"]
[Result "1-0"]
[WhiteElo "2672"]
[BlackElo "2731"]

1.e4 c5 2.Nf3 d6 3.d4 cxd4 4.Nxd4 Nf6 5.Nc3 a6 6.Be3 e6 7.g4 h6 8.Bg2 Nc6
9.h3 Bd7 10.f4 Rc8 11.Qe2 b5 12.a3 Qc7 13.Nb3 Be7 14.Qf2 O-O 15.O-O Qb8 16.Rad1 Be8
17.Bf3 a5 18.h4 b4 19.axb4 axb4 20.Ne2 d5 21.e5 Ne4 22.Bxe4 dxe4 23.g5 hxg5
24.hxg5 Nxe5 25.fxe5 Rxc2 26.Nbd4 Rxb2 27.Qh4 Qxe5 28.Rf2 Ba4 29.Rdf1 g6
30.Rh2 Qg7 31.Nc6 Bxc6 32.Bd4 e5 33.Bxb2 Bc5+ 34.Kh1 Re8 35.Rc1 Bd4 36.Nxd4 Bd5
37.Ne2 b3 38.Nc3 Ba8 39.Nxe4 f5 40.gxf6 g5 41.fxg7 gxh4 42.Rxh4 Kxg7 43.Kh2 Kg6
44.Rg1+  1-0

[Event "GM"]
[Site "Biel SUI"]
[Date "2006.07.24"]
[Round "1"]
[White "Bruzon,L"]
[Black "Morozevich,A"]
[Result "0-1"]
[WhiteElo "2667"]
[BlackElo "2731"]

1.e4 e5 2.Nf3 Nc6 3.Bb5 a6 4.Ba4 Nf6 5.O-O Be7 6.Re1 b5 7.Bb3 d6 8.c3 O-O
9.h3 Re8 10.d4 Bb7 11.Nbd2 Bf8 12.d5 Nb8 13.Nf1 Nbd7 14.N3h2 h6 15.Qf3 Nc5
16.Bc2 c6 17.b4 Na4 18.dxc6 Bxc6 19.Ng4 Nxg4 20.hxg4 Bd7 21.Bd2 Rc8 22.Bb3 Be6
23.Rac1 Nb2 24.Qe2 Nc4 25.Ne3 Qd7 26.f3 Be7 27.Red1 Qa7 28.Bxc4 Bxc4 29.Qf2 Bxa2
30.Ra1 Bb3 31.Rdc1 Qb7 32.Ra3 Be6 33.Rca1 Rc6 34.Rd1 Ra8 35.Qe2 Bd8 36.Nf5 a5
37.bxa5 Rxa5 38.Rxa5 Bxa5 39.Rb1 Bxf5 40.gxf5 Bxc3 41.Bxc3 Rxc3 42.Rxb5 Rc1+
43.Kf2 Qe7 44.Qd2 Qh4+ 45.Ke3 Qh1 46.Rb2 Rf1 47.Qxd6 f6 48.Qd5+ Kh7 49.Rd2 Qg1+
50.Kd3 Rc1 51.Qf7 Qf1+ 52.Re2 Rc8 53.Qd7 Qb1+  0-1

[Event "GM"]
[Site "Biel SUI"]
[Date "2006.07.26"]
[Round "3"]
[White "Morozevich,A"]
[Black "Volokitin,And"]
[Result "1-0"]
[WhiteElo "2731"]
[BlackElo "2662"]

1.e4 c5 2.Nf3 d6 3.d4 cxd4 4.Nxd4 Nf6 5.Nc3 a6 6.Be3 e5 7.Nb3 Be6 8.Qd2 Be7
9.f3 O-O 10.O-O-O Nbd7 11.g4 b5 12.g5 b4 13.Ne2 Ne8 14.h4 a5 15.Kb1 Nb6 16.Ng3 a4
17.Nc1 d5 18.Bxb6 Qxb6 19.exd5 Rd8 20.Bc4 Nc7 21.dxe6 Rxd2 22.exf7+ Kh8 23.Rxd2 Qc6
24.b3 Nb5 25.Bxb5 Qxb5 26.Nf5 Rxf7 27.Nxe7 Rxe7 28.Rd8+ Re8 29.Rhd1 g6 30.R1d5 Qc6
31.R5d6 Qb5 32.Rb6 Qxb6 33.Rxe8+ Kg7 34.bxa4 Qc5 35.Rb8 Qd5 36.Rb5 Qxf3 37.Rxe5 h5
38.a5 Qc6 39.a6 Qxa6 40.Re4 Kf7 41.Nd3 Qa3 42.Rf4+ Ke7 43.Rxb4 Kd8 44.Rc4 Ke7
45.Nb4 Ke6 46.c3 Qa4 47.Kb2 Kf7 48.Rd4 Qb5 49.Kb3 Qf1 50.Kb2 Qb5 51.a3 Kf8
52.Kb3 Qf1 53.a4 Qb1+ 54.Kc4 Qa1 55.Kb5 Qxc3 56.Nc6 Qb3+ 57.Rb4 Qf7 58.a5 Qf5+
59.Kb6 Qf2+ 60.Kb7 Qf7+ 61.Ka8 Qf1 62.Kb8 Ke8 63.Rd4 Qf5 64.Rd8+ Kf7 65.Kc7 Qb5
66.Rb8 Qc4 67.Rb4 Qf1 68.Kb7 Ke6 69.a6 Kd6 70.a7 Qf7+ 71.Ka6 Qe8 72.Na5 Qc8+
73.Nb7+ Kd5 74.Rb5+ Kd4 75.Rc5 Qe6+ 76.Kb5 Qb3+ 77.Kc6 Qa4+ 78.Kc7 Qe8 79.Nd6 Qa8
80.Ra5 Kc3 81.Nc8 Kb4 82.Nb6 Qf8 83.a8=Q Qf4+ 84.Kc6 Qc1+ 85.Kd7  1-0

[Event "GM"]
[Site "Biel SUI"]
[Date "2006.07.30"]
[Round "6"]
[White "Morozevich,A"]
[Black "Bruzon,L"]
[Result "1-0"]
[WhiteElo "2731"]
[BlackElo "2667"]

1.e4 e5 2.Nf3 Nc6 3.Bb5 a6 4.Ba4 Nf6 5.O-O Be7 6.Re1 b5 7.Bb3 d6 8.c3 O-O
9.h3 Na5 10.Bc2 c5 11.d4 Qc7 12.a3 Bd7 13.b4 cxb4 14.axb4 Nc4 15.Nbd2 Nb6
16.Ra3 Rfc8 17.Bb2 a5 18.Rxa5 Rxa5 19.bxa5 Na4 20.Bxa4 bxa4 21.Ba3 Qxc3 22.Nb1 Qc6
23.dxe5 Nxe4 24.exd6 Bf6 25.Qd3 Nc5 26.Qe3 Nb3 27.Nbd2 Re8 28.Ne4 Bd8 29.Nd4 Nxd4
30.Qxd4 f6 31.Re3 Bxa5 32.Nxf6+ gxf6 33.Rg3+ Kf7 34.Qh4 Re1+ 35.Kh2 Qe4 36.Qh5+ Ke6
37.Qxa5 Qb1 38.Rg7 Rh1+ 39.Kg3 Qd3+ 40.f3 Qb5 41.Re7+ Kf5 42.Qc7  1-0

[Event "GM"]
[Site "Biel SUI"]
[Date "2006.08.02"]
[Round "9"]
[White "Morozevich,A"]
[Black "Pelletier,Y"]
[Result "1-0"]
[WhiteElo "2731"]
[BlackElo "2583"]

1.e4 e6 2.d4 d5 3.Nc3 dxe4 4.Nxe4 Nd7 5.Bd3 Ngf6 6.Nxf6+ Nxf6 7.Bg5 c5 8.dxc5 Bxc5
9.Nf3 h6 10.Bh4 O-O 11.Qd2 b6 12.O-O-O Bb7 13.Rhe1 Be7 14.Ne5 Nd5 15.Bxe7 Qxe7
16.a3 Rad8 17.f4 Nf6 18.c4 Qc7 19.b4 Nd7 20.Kb2 Nxe5 21.fxe5 Kh8 22.Qe3 Rd7
23.g4 Rfd8 24.g5 hxg5 25.Qh3+ Kg8 26.Qh7+ Kf8 27.Re3 g4 28.Qh8+ Ke7 29.Qxg7 Bf3
30.Bg6 Rf8 31.Rxd7+ Qxd7 32.Rd3 Qc8 33.Qf6+ Ke8 34.Rd6  1-0

[Event "22nd ECU Club Cup"]
[Site "Feugen AUT"]
[Date "2006.10.09"]
[Round "2"]
[White "Agrest,E"]
[Black "Morozevich,A"]
[Result "0-1"]
[WhiteElo "2557"]
[BlackElo "2747"]

1.d4 Nf6 2.c4 g6 3.Nc3 Bg7 4.Nf3 d6 5.Bg5 h6 6.Bh4 g5 7.Bg3 Nh5 8.e3 e6 9.Nd2 Nxg3
10.hxg3 Nd7 11.Qa4 O-O 12.Qc2 c5 13.d5 Nb6 14.Bd3 exd5 15.cxd5 f5 16.a4 f4
17.gxf4 gxf4 18.exf4 Rxf4 19.Bh7+ Kh8 20.Be4 Qg5 21.Ne2 Rf5 22.Nf3 Qf6 23.Ng3 Rf4
24.a5 Nd7 25.O-O-O Nf8 26.Rd2 Bg4 27.Nh2 Re8 28.f3 Bd7 29.Nh5 Qg5 30.Nxg7 Kxg7
31.g3 Rf7 32.f4 Qf6 33.Re2 Rfe7 34.Rhe1 b5 35.Qd2 b4 36.Bd3 Rxe2 37.Rxe2 Qd4
38.Rxe8 Bxe8 39.Qe2 Bf7 40.Bc4 Qg1+ 41.Nf1 Ng6 42.Qe4 h5 43.Be2 Qf2 44.Ne3 Qe1+
45.Bd1 Kf8 46.Qf3 h4 47.gxh4 Qxh4 48.Ng4 Ne7 49.Ne3 Qf6 50.Qe4 Bg6 51.Qc4 Qh4
52.Qf1 Be4 53.Bb3 Qg3 54.Kd2 Nf5 55.Qe2 Qxf4 56.Bc4 Ke7 57.Qe1 Kf6 58.b3 Qxe3+  0-1

[Event "22nd ECU Club Cup"]
[Site "Feugen AUT"]
[Date "2006.10.10"]
[Round "3"]
[White "Morozevich,A"]
[Black "Georgiev,Ki"]
[Result "1-0"]
[WhiteElo "2747"]
[BlackElo "2680"]

1.e4 e5 2.Nf3 Nc6 3.d4 exd4 4.Nxd4 Bc5 5.Be3 Qf6 6.c3 Nge7 7.Nc2 Bxe3 8.Nxe3 Qe5
9.Nd2 d5 10.Bd3 dxe4 11.Bxe4 Be6 12.Qc2 O-O-O 13.Nf3 Qb5 14.b4 Rhe8 15.a4 Qh5
16.O-O f5 17.Bxc6 Nxc6 18.b5 Na5 19.Nd4 f4 20.Nef5 Bxf5 21.Nxf5 Qg6 22.Rae1 Kb8
23.Re4 f3 24.g3 b6 25.Rf4 Re2 26.Qb1 Rdd2 27.Rxf3 Rb2 28.Qd1 Red2 29.Qa1 Ra2
30.Qe1 Re2 31.Qc1 Kb7 32.Qf4 Nb3 33.Rd3 Qe6 34.Rd8 Rad2 35.Rh8 Qe4 36.Nd6+ cxd6
37.Qf8 Qe8 38.Qxe8  1-0

[Event "22nd ECU Club Cup"]
[Site "Feugen AUT"]
[Date "2006.10.12"]
[Round "5"]
[White "Morozevich,A"]
[Black "Asrian,K"]
[Result "1-0"]
[WhiteElo "2747"]
[BlackElo "2634"]

1.e4 c6 2.d4 d5 3.e5 Bf5 4.Nf3 e6 5.Be2 Ne7 6.c3 Nd7 7.Nh4 Bg6 8.Nxg6 hxg6
9.Nd2 Nf5 10.Nf3 Nh4 11.Nxh4 Rxh4 12.g3 Rh8 13.O-O Be7 14.Bd3 Qc7 15.Qe2 c5
16.Be3 O-O-O 17.a4 Kb8 18.a5 Rc8 19.Rfc1 g5 20.Qg4 Qc6 21.b4 c4 22.b5 Qxb5
23.Bc2 Qc6 24.Bxg5 f5 25.exf6 gxf6 26.Bf4+ Bd6 27.Ba4 Qc7 28.Bxd6 Qxd6 29.Re1 Rhe8
30.Bxd7 Qxd7 31.Qf4+ Ka8 32.Qxf6 Re7 33.Re5 Rce8 34.Rae1 a6 35.h4 Rf7 36.Qg6 Ref8
37.Qxe6 Qa4 38.Qxd5 Rxf2 39.Rb1 Rb2 40.Rbe1 Rc8 41.Qf3 Rg8 42.g4 Qc6 43.Qg3 Ka7
44.g5 Rh8 45.R5e2 Rb5 46.Re6 Qc8 47.g6 Rxa5 48.g7 Rg8 49.Rg6 Qf5 50.Rf1 Qe4
51.Rg4 Qe6 52.Re1 Qf5 53.Rf1 Qe6 54.Rb1 Qf5 55.Rb2 Ra1+ 56.Kh2 Qd5 57.Rg2 Qf7
58.Rf4 Qc7 59.d5 Rd1 60.Qf2+ b6 61.Rg3 Rxd5 62.Rf7 Rd7 63.Rxd7 Qxd7 64.Qf6 a5
65.h5 Qe8 66.Qg5 a4 67.h6 Qe2+ 68.Rg2 Qe4 69.Qg4 Qe5+ 70.Rg3 Qf6 71.Qg5 Qd6
72.h7  1-0

[Event "22nd ECU Club Cup"]
[Site "Feugen AUT"]
[Date "2006.10.13"]
[Round "6"]
[White "Ruck,R"]
[Black "Morozevich,A"]
[Result "0-1"]
[WhiteElo "2526"]
[BlackElo "2747"]

1.Nf3 d5 2.d4 Nf6 3.c4 c6 4.Nc3 Ne4 5.e3 e6 6.Bd3 f5 7.Ne5 Qh4 8.g3 Qf6 9.f3 Nxc3
10.bxc3 Bd6 11.f4 O-O 12.O-O b6 13.a4 Ba6 14.cxd5 Bxd3 15.Qxd3 cxd5 16.a5 bxa5
17.Rxa5 Qd8 18.Qb5 Bxe5 19.fxe5 Qc7 20.Ba3 Rc8 21.Bc5 Nc6 22.Ra6 Rab8 23.Qa4 Rb2
24.Rf2 Rxf2 25.Kxf2 Qb7 26.Qa2 h6 27.c4 dxc4 28.Qxc4 Kh7 29.Ra2 Qb1 30.Qxe6 Nxe5
31.dxe5 Rxc5 32.Rd2 Rc1 33.Qa6 Rh1 34.Kg2 Qe4+ 35.Kh3 Rg1 36.Qe2 Rg2 37.Qd1 Rxd2
38.Qxd2 Qf3 39.Qd7 a5 40.Qf7 Qf1+ 41.Kh4 Qf3 42.Kh3 Qg4+ 43.Kg2 Qe4+ 44.Kf2 Qxe5
45.Qa7 Qb2+ 46.Kf3 Qb5 47.Kf2 a4 48.h4 Qb2+ 49.Kf3 a3 50.h5 Qb3 51.Qa6 a2
52.Qg6+ Kh8 53.Qe8+ Qg8 54.Qa4 Qe6 55.Kf2 Kh7 56.Qa5 Qf7 57.Kg2 Qb7+ 58.Kh2 Qb2+
59.Kh3 Qb1  0-1

[Event "22nd ECU Club Cup"]
[Site "Feugen AUT"]
[Date "2006.10.14"]
[Round "7"]
[White "Morozevich,A"]
[Black "Gelfand,B"]
[Result "1-0"]
[WhiteElo "2747"]
[BlackElo "2733"]

1.e4 e5 2.Nf3 Nf6 3.Nxe5 d6 4.Nf3 Nxe4 5.d4 d5 6.Bd3 Nc6 7.O-O Be7 8.c3 O-O
9.Re1 Bf5 10.Bf4 Re8 11.Qb3 Na5 12.Qc2 Bd6 13.Bxd6 Qxd6 14.Na3 Qf4 15.Ne5 Nc6
16.Nb5 Nxe5 17.dxe5 Rxe5 18.Nxc7 Rd8 19.Nb5 Bg6 20.Nd4 Nc5 21.Bxg6 hxg6 22.g3 Qf6
23.Rxe5 Qxe5 24.Rd1 Re8 25.Rd2 Qf6 26.Kg2 Re5 27.Nf3 Ne4 28.Re2 Rf5 29.Qd3 Kh7
30.Qe3 Qa6 31.Nd4 Rf6 32.f3 Nc5 33.a3 Ne6 34.Rd2 Nxd4 35.Qxd4 Re6 36.Kf2 Qb6
37.Qxb6 Rxb6 38.Ke3 Rd6 39.Kd4 b6 40.Re2 g5 41.b4 f6 42.Re7 a6 43.Ra7 b5
44.Kc5 Re6 45.Kxd5 Re3 46.Kd4  1-0

[Event "XVI Magistral A"]
[Site "Pamplona ESP"]
[Date "2006.12.23"]
[Round "2"]
[White "Laznicka,V"]
[Black "Morozevich,A"]
[Result "0-1"]
[WhiteElo "2596"]
[BlackElo "2747"]

1.e4 c5 2.Nf3 Nc6 3.Bb5 Nf6 4.Nc3 Qc7 5.O-O Nd4 6.Re1 a6 7.Bf1 Ng4 8.g3 Nxf3+
9.Qxf3 Ne5 10.Qe2 d6 11.Nd5 Qd8 12.Bg2 g6 13.d3 Bg7 14.c3 e6 15.Ne3 Nc6 16.Nc2 Qb6
17.Bf4 e5 18.Bc1 O-O 19.b4 cxb4 20.Nxb4 Nxb4 21.Rb1 Qc6 22.cxb4 Be6 23.a3 Rac8
24.Bb2 Qc2 25.Bf3 h5 26.h4 Kh7 27.Rbc1 Qb3 28.Rxc8 Rxc8 29.Rc1 Bh6 30.Rxc8 Bxc8
31.Kh2 Bd7 32.Bg2 Bg4 33.f3 Bd7 34.Bf1 Ba4 35.Kg2 Qa2 36.Kh3 Qb1 37.Kg2 b5
38.Bc3 Bc1 39.g4 Bf4 40.gxh5 gxh5 41.Bd2 Bd1 42.Qf2 Bxd2 43.Qxd2 Bxf3+ 44.Kf2 Bg4
45.Qc3 Qd1 46.Qe1 Qf3+ 47.Kg1 Bh3 48.Bxh3 Qxh3 49.Qf2 Kg6 50.Qb6 Qg3+ 51.Kh1 Qxd3
52.Qxa6 Qxe4+ 53.Kg1 Qg4+ 54.Kf1 Qf3+ 55.Kg1 Qg3+ 56.Kf1 Qd3+ 57.Kg1 Kf5
58.a4 Qd1+ 59.Kg2 bxa4 60.b5 Qg4+ 61.Kf1 Qc4+ 62.Kg2 Ke6  0-1

[Event "XVI Magistral A"]
[Site "Pamplona ESP"]
[Date "2006.12.24"]
[Round "3"]
[White "Morozevich,A"]
[Black "Shirov,A"]
[Result "1-0"]
[WhiteElo "2747"]
[BlackElo "2720"]

1.d4 Nf6 2.c4 g6 3.Nc3 d5 4.cxd5 Nxd5 5.Bd2 Nb6 6.Nf3 Bg7 7.Rc1 O-O 8.Bg5 h6
9.Bh4 g5 10.Bg3 c5 11.d5 e6 12.d6 Nd5 13.h4 g4 14.Ne5 Qxd6 15.e4 f5 16.exf5 Bxe5
17.Nb5 Qc6 18.Bxe5 exf5 19.Nd6 Nb6 20.f3 Be6 21.Bb5 Qd5 22.Qe2 N8d7 23.Bf4 gxf3
24.gxf3 Kh7 25.Rd1 Qxa2 26.Kf2 Rf6 27.Rhg1 Raf8 28.Be5 Nxe5 29.Qxe5 Nd7 30.Bxd7 Bxd7
31.Ne4 fxe4 32.Rxd7+ Kh8 33.Rg6  1-0

[Event "XVI Magistral A"]
[Site "Pamplona ESP"]
[Date "2006.12.26"]
[Round "4"]
[White "Bauer,Ch"]
[Black "Morozevich,A"]
[Result "0-1"]
[WhiteElo "2585"]
[BlackElo "2747"]

1.d4 d5 2.Bf4 Bg4 3.f3 Bh5 4.e3 e6 5.c4 Bb4+ 6.Nc3 Ne7 7.Rc1 c5 8.dxc5 O-O
9.Ne2 Nd7 10.cxd5 Nxd5 11.Kf2 Nxc3 12.Nxc3 Bxc5 13.Ne4 Bb6 14.Bc4 h6 15.Qd6 e5
16.Bxe5 Rc8 17.Bd4 Rc6 18.Bxb6 Rxb6 19.Qd4 Qh4+ 20.g3 Qe7 21.Be2 Ne5 22.Rc5 Re6
23.Rd1 Nxf3 24.Bxf3 Bxf3 25.Kxf3 Rxe4 26.Qxe4 Qxc5 27.Kg2 Qb5 28.Rd2 Re8
29.Qf3 b6 30.b3 Re7 31.Rd8+ Kh7 32.e4 Qc6 33.Qf5+ g6 34.Qd5 Qc2+ 35.Kh3 Qf2
36.Qd4 Qf1+ 37.Kh4 g5+ 38.Kg4 f5+ 39.exf5 Qe2+ 40.Kh3 Qh5+ 41.Kg2 Re2+  0-1